Les Trios dans les animes - Statistiques

Statistiques générales
  • Ce quiz a été pris 1 856 fois
  • Le résultat moyen est 14 sur 27
Statistiques - réponses
Hint Réponse % Correct
Equipe 7 / Naruto Sasuke Naruto Sakura
92%
Trio Pincipal / Snk Mikasa Eren Armin
90%
Monsters Trio / One Piece Luffy Sanji Zoro
88%
Trio Principal / Hunter X Hunter Gon Kurapika Killua
86%
Trio Seconde A / My Hero Academia Bakugo Deku Shoto
81%
Ninjas Légendaires / Naruto Orochimaru Tsunade Jiraya
78%
ASL / One Piece Sabo Luffy Ace
78%
Equipe GaÏ / Naruto Tenten Lee Neji
73%
Trio comique / One Piece Usopp Luffy Chopper
73%
Trio principal / Demons Slayer Inosuke Tanjiro Zenitsu
72%
Trio comique / Snk Sasha Jean Connie
70%
Trio Principal / Tokyo Revengers Mickey Takemichi Draken
66%
Trio Principal / Jujustu kaisen Nobara Yuji Megumi
62%
Trio Traite / Snk Bertolt Annie Reiner
58%
Premier Trio Principal / Pokemon Ondine Sacha Pierre
56%
Team Rocket / Pokemon James Miaouss Jessie
53%
Trio Principal / The Promised Neverland Norman Emma Ray
52%
Trio Principal S2 / One Punch Man Genos King Saitama
51%
Trio des Vilains / My hero Academia Shigaraki Toga Dabi
43%
Trio detective / Death Note Mello L Near
26%
La garde rappochées / Hunter X Hunter yupi Pufu Pito
24%
Monster Trio / Vinland Saga Askeladd Thorkell Thorfinn
18%
Trio des Teminales / Haikyuu Sugawara Asahi Daichi
18%
Trio Principal / Fullmetal Alchemist Winry Edward Alphonse
17%
Trio Univers 11 / Dragon Ball Super Dispo Jiren Toppo
14%
Trio of Danger / Dragon Ball Super Basil Lavender Bergamo
5%
Trio Ondin / Sword Art Online Bora Joran Zéphyr
1%
Aucun quiz correspondant
Distribution des résultats
% des personnes avec chaque résultat
Percentile par nombre de réponses
Votre historique - résultats
Vous n’avez pas pris ce quiz